Responses for Show #2919 - Thursday, April 17, 1997

Contestants

[<< previous game]

Bruce Lamott, a teacher and conductor from San Francisco, California

Linda Fabrizio, a high school teacher from Denver, Colorado

Sue Keller, a ragtime piano player from Staten Island, New York (whose 3-day cash winnings total $28,400)

[next game >>]

Jeopardy! Round responses

HISTORIC AMERICANS
SPECIAL DAYS
ACTORS IN '50s FILMS
GEOGRAPHY
HODGEPODGE
CLIO HALL OF FAME
(Alex: That is the television commercial hall of fame. I'll give you the ad or campaign, you have to identify the product)
    $100 3
Patrick Henry

Bruce
    $100 18
Christmas

Linda
    $100 14
Attila

Sue
    $100 10
Norway

Bruce
    $100 26
Yolks

Sue
    $100 1
Miss Clairol

Linda
    $200 4
Sam Houston

Bruce
    $200 22
March 15 (Ides of March)

Bruce
    $200 15
Paul Newman

Linda
    $200 11
Arabian Peninsula

Bruce
    $200 27
Thyroid

Bruce
    $200 2
Hertz

Bruce
    $300 5
(B: Who is Bradford?)
(L: Who is Cotton Mather?)

Increase Mather

LindaBruce
Triple Stumper
    $300 23
Hurricane season

Bruce
    $300 16
Clint Eastwood

Linda
    $300 12
Azores

Sue
    $300 28
Judo

Bruce
    $300 8
Coca-Cola

Linda
    $400 6
Calamity Jane

Linda
    $400 24
(with about a minute to go...)

Secretaries

Sue
    $400 17
Eddie Fisher & Debbie Reynolds

Bruce
    $300 13
Haiti

Sue
    $400 29
Meyer Lansky

Linda
    $400 9
Life cereal

Bruce
    $500 7
James Monroe

Triple Stumper
    $500 25
Yo-Yo

Bruce
    $500 19
Shelley Fabares

Linda
    $500 21
Lebanon

Triple Stumper
    $500 30
Saccharin

Linda
    $500 20
Timex

Bruce

Scores at the first commercial break (after clue 14):

Sue Linda Bruce
$700 $500 $900

Scores at the end of the Jeopardy! Round:

Sue Linda Bruce
$1,200 $2,500 $3,300

Double Jeopardy! Round responses

BLACK JOURNALISTS
THE BIBLE
ANIMALS
THE BRITISH INVASION
WORLD NOVELISTS
STATE CAPITAL NICKNAMES
    $200 22
Ed Bradley

Sue
    $200 21
Cain

Linda
    $200 16
Bass

Linda
    $200 11
The Rolling Stones

Linda
    $200 1
Japan

Linda
    $200 6
Austin

Bruce
    $400 27
The Washington Post

Sue
    $400 23
Cedar

Sue
    $400 17
Elephant

Linda
    $400 12
Brian Epstein

Linda
    $400 2
Fyodor Dostoevsky

Sue
    $400 7
Frankfort, Kentucky

Linda
    $600 28
NAACP

Sue
    $600 24
Jacob

Sue
    $600 18
Coyote

Linda
    $600 13
(B: Who are The Beatles?)

Gerry and The Pacemakers

SueBruce
    $600 3
Umberto Eco

Sue
    $600 8
(Bruce: What is Des Moines, Iowa?)

Indianapolis

SueBruce
    $700 29
(S: No idea.)

The McLaughlin Group

Sue
    $800 25
Judas Iscariot

Bruce
    $800 19
(B: What is a squid?)

Snail

SueBruce
    $800 14
The Dave Clark Five

Linda
    $800 4
James Joyce

Linda
    $800 9
Sacramento

Sue
    $1000 30
Oakland

Bruce
    $1000 26
Baal

Sue
    $1000 20
Capybara

Bruce
    $1000 15
Peter & Gordon

Sue
    $1000 5
Nadine Gordimer

Linda
    $1,000 10
(S: What is Richmond?)

Hartford

Sue

Scores at the end of the Double Jeopardy! Round:

Sue Linda Bruce
$7,500 $7,700 $4,300

[wagering suggestions for these scores]

Final Jeopardy! Round responses

THE WORLD OF MATHEMATICS
(Alex: And 3 teachers up there, but none of them teaches math!)
(Alex: Looks like the CBS symbol, or a seashell, which it was supposed to depict.)
BruceWhat is zero?
$0
SueWhat is the equal sign?
$0
LindaWhat is zero?
$5,000
Zero

Final scores:

Sue Linda Bruce
$7,500 $12,700 $4,300
2nd place: Trip to the Whaler Hotel/Resort in Kaanapali Beach, Maui, Hawaii New champion: $12,700 3rd place: Pair of Belair Seapearl Lithium 2000 Watches

Game dynamics:

Coryat scores:

Sue Linda Bruce
$9,300 $7,700 $4,300
18 R
(including 1 DD),
2 W
(including 2 DDs)
20 R,
1 W
17 R,
4 W

Combined Coryat: $21,300

[game clues] [game scores] [suggest correction]

Game tape date: 1996-12-18
The J! Archive is created by fans, for fans. Scraping, republication, monetization, and malicious use prohibited; this site may use cookies and collect identifying information. See terms. The Jeopardy! game show and all elements thereof, including but not limited to copyright and trademark thereto, are the property of Jeopardy Productions, Inc. and are protected under law. This website is not affiliated with, sponsored by, or operated by Jeopardy Productions, Inc. Join the discussion at JBoard.tv.